| 000 | 01149cam a2200241 4500 | ||
|---|---|---|---|
| 001 | ABS65535 | ||
| 008 | 020611n2002 000 0 eng u | ||
| 035 | _a(Sirsi) u118352 | ||
| 100 | _aButler, J | ||
| 245 | _aLimited liability | ||
| 260 | _c2002 | ||
| 490 |
_aEstates Gazette _v(0220) 18 May 2002, 220(1) |
||
| 520 | _aConsiders the effectiveness of lease guarantee provisions in cases of involvency. Guarantors generally remain liable following a tenant's insolvency, since the ruling in the case "Hindcastle Ltd v Barbara Attenborough Associates Ltd" (unless the guarantor is released under the terms of the guarantee or a variation). Advises property agents not to inadvertantly include provisions that might restrict the landlord's rights when a tenant is insolvent and on what to consider when claiming from a guarantor. | ||
| 590 | _aABS | ||
| 650 |
_aInsolvency _96247 |
||
| 650 | _aHINDCASTLE LTD V BARBARA ATTENBOROUGH ASSOCIATES LTD | ||
| 650 | _aSTACEY V HILL | ||
| 650 | _aGUARANTORS | ||
| 650 | _aLANDLORD AND TENANT (COVENANTS) ACT 1995 | ||
| 690 |
_aLandlord and tenant _96252 |
||
| 700 | _aWilliams, H | ||
| 942 | _n0 | ||
| 999 |
_c70447 _d70447 |
||